Países que já jogaram a Copa do Mundo - Statistics

Estatísticas Gerais
  • Esse quiz foi jogado 85 vezes
  • A pontuação média é 65 de 84
Estatísticas das Respostas
MELGOR CAMPANHA APARIÇÕES ÚLTIMA COPA Resposta % Correto
Campeão (4 vezes) 21 2026 Alemanha
100%
Campeão (5 vezes) 23 2026 Brasil
100%
Campeão (3 vezes) 19 2026 Argentina
99%
Campeão (2 vezes) 17 2026 França
97%
Campeão (4 vezes) 18 2014 Itália
97%
Campeão (1 vez) 17 2026 Inglaterra
94%
Campeão (1 vez) 17 2026 Espanha
93%
Terceiro Lugar 9 2026 Portugal
93%
Quarto Lugar 11 2018 Russia
93%
Quartas de Final 18 2026 México
92%
Campeão (2 vezes) 15 2026 Uruguai
92%
Primeira Fase 4 2026 África do Sul
90%
Oitavas de Final 7 2026 Austrália
90%
Terceiro Lugar 9 2014 Chile
90%
Quartas de Final 7 2026 Colômbia
90%
Quarto Lugar 12 2026 Coréia do Sul
90%
Oitavas de Final 8 2026 Japão
90%
Vice-Campeã 12 2018 Suécia
90%
Quartas de Final 13 2026 Suiça
90%
Primeira Fase 3 2026 Canadá
89%
Primeira Fase 1 2002 China
89%
Vice-Campeã 7 2026 Croácia
89%
Terceiro Lugar 12 2026 Estados Unidos
89%
Vice-Campeã 12 2026 Holanda
89%
Quarto Lugar 7 2026 Marrocos
89%
Primeira Fase 3 1994 Bolívia
87%
Oitavas de Final 4 2026 Noruega
87%
Primeira Fase 3 2026 Nova Zelândia
87%
Quartas de Final 2 2010 Coréia do Norte
86%
Primeira Fase 4 2026 Egito
86%
Quartas de Final 9 2026 Paraguai
86%
Vice-Campeã 9 1986 Hungria
83%
Primeira Fase 7 2026 Irã
83%
Terceiro Lugar 2 2002 Turquia
83%
Quartas de Final 6 2022 Costa Rica
82%
Primeira Fase 2 2026 Catar
80%
Oitavas de Final 5 2026 Equador
80%
Primeira Fase 2 2026 Panamá
80%
Quartas de Final 5 2018 Peru
80%
Terceiro Lugar 9 2022 Polônia
80%
Terceiro Lugar 15 2026 Bélgica
79%
Primeira Fase 7 2026 Tunísia
79%
Oitavas de Final 5 2026 Argélia
77%
Terceiro Lugar 8 2026 Áustria
77%
Vice-Campeã 9 2006 Republica Tcheca
77%
Quartas de Final 4 2026 Senegal
77%
Oitavas de Final 7 2026 Arábia Saudita
76%
Quarto Lugar 7 1998 Bulgária
76%
Oitavas de Final 1 2010 Eslováquia
76%
Quartas de Final 5 2026 Gana
76%
Quartas de Final 3 2002 Irlanda
76%
Quartas de Final 7 1998 Romênia
76%
Primeira Fase 1 2014 Bósnia e Herzegovina
75%
Primeira Fase 2 2010 Eslovênia
75%
Oitavas de Final 3 2014 Grécia
75%
Primeira Fase 1 1986 Iraque
75%
Primeira Fase 4 2026 Costa do Marfim
73%
Primeira Fase 1 2018 Islândia
73%
Quarto Lugar 13 2022 Sérvia
73%
Quartas de Final 8 2022 Camarões
72%
Quartas de Final 6 2022 Dinamarca
72%
Primeira Fase 3 2014 Honduras
72%
Oitavas de Final 6 2018 Nigéria
72%
Quartas de Final 1 1938 Cuba
70%
Primeira Fase 9 2026 Escócia
70%
Primeira Fase 1 1974 RD Congo
70%
Quartas de Final 1 2006 Ucrânia
70%
Primeira Fase 2 2026 Haiti
69%
Primeira Fase 1 1938 Indonésia
69%
Primeira Fase 1 2006 Angola
68%
Quartas de Final 2 2022 País de Gales
68%
Primeira Fase 2 1982 El salvador
62%
Primeira Fase 1 1998 Jamaica
62%
Quartas de Final 3 1986 Irlanda do Norte
59%
Primeira Fase 1 1970 Israel
59%
Primeira Fase 1 1990 Emirados Árabes Unidos
51%
--- 1 2026 Jordânia
49%
--- 1 2026 Cabo Verde
48%
Primeira Fase 1 2006 Trinidad e Tobago
48%
Primeira Fase 1 2006 Togo
46%
--- 1 2026 Uzbequistão
46%
Primeira Fase 1 1982 Kuwait
44%
--- 1 2026 Curaçao
41%
Quartas de Final 1 1974 Alemanha Oriental
31%
Nenhum quiz correspondente encontrado
Distribuição das Pontuações
Porcentagem de Pessoas com Cada Pontuação
Percentil de Números Respondidos
Sua Pontuação Histórica
Você não jogou esse quiz